[Event "Manizales zt U14 integr Centro"]
[Site "Manizales"]
[Date "2014.05.16"]
[Round "2.8"]
[White "Avendano Leon, Raul Camilo"]
[Black "Naranjo Gallego, Santiago"]
[Result "1-0"]
[WhiteElo "1474"]
[BlackElo "1500"]
[PlyCount "99"]
[EventDate "2014.05.15"]
[EventType "swiss"]
[EventRounds "6"]
[EventCountry "COL"]
[SourceTitle "EXT 2024"]
[Source "ChessBase"]
[SourceDate "2023.10.10"]
[SourceVersion "1"]
[SourceVersionDate "2023.10.10"]
[SourceQuality "1"]

1. e4 e5 2. Nf3 Nc6 3. Bc4 d6 4. h3 Be6 5. Bxe6 fxe6 6. Nc3 Nf6 7. d3 d5 8. 0-0 Qd6 9. Re1 0-0-0 10. Ng5 h6 11. Nf7 Qb4 12. Nxh8 Bc5 13. Ng6 Qd4 14. Be3 Qb4 15. Bxc5 Qxc5 16. exd5 Nd4 17. dxe6 Nc6 18. Qf3 Re8 19. e7 b5 20. a3 a5 21. Qe2 Nxe7 22. Qxe5 Qxe5 23. Nxe5 b4 24. axb4 axb4 25. Ra8+ Kb7 26. Rxe8 Nxe8 27. Nc4 bxc3 28. b3 Nc6 29. Rxe8 Nb4 30. Re2 g5 31. Na3 Kb6 32. Nb1 Nd5 33. Re5 Kc5 34. Rxd5+ Kxd5 35. Nxc3+ Ke5 36. Kf1 c5 37. Ke2 Kd4 38. Nd1 h5 39. g3 g4 40. hxg4 hxg4 41. f3 Ke5 42. fxg4 Kf6 43. Ke3 Kg5 44. d4 cxd4+ 45. Kxd4 Kxg4 46. c4 Kf5 47. Ne3+ Ke6 48. g4 Kd6 49. g5 Ke7 50. g6 1-0